Nessuno, uno centomila AIDS : la psicoterapia individuale e la psicoterapia di gruppo nell'elaborazione delle perdite provocate dalla sieropositività e dall'AIDS /
-д хадгалсан:
| Үндсэн зохиолч: | |
|---|---|
| Бусад зохиолчид: | |
| Формат: | Ном |
| Хэл сонгох: | итали |
| Хэвлэсэн: |
\S. l. :
s. n.,
1994?!
|
| Шошгууд: |
Шошго байхгүй, Энэхүү баримтыг шошголох эхний хүн болох!
|
MARC
| LEADER | 00000nam a22000007i 4500 | ||
|---|---|---|---|
| 001 | IT\ICCU\BVE\0051084 | ||
| 003 | ItRI | ||
| 005 | 20260115232251.0 | ||
| 008 | 940517s1994 it |||||| ||||| |||||c | ||
| 040 | |b ita |c importazione bologna sebina | ||
| 041 | 7 | |a ita |2 ISO-639-2 | |
| 082 | |a 362.1969792 |9 CURE MEDICHE. ASSISTENZA a malati del sistema immunitario |2 20 | ||
| 100 | 1 | |a Campione, Francesco, |d (1949- ) |0 IT\ICCU\CFIV\229095 |4 aut | |
| 245 | 1 | 0 | |a Nessuno, uno centomila AIDS : |b la psicoterapia individuale e la psicoterapia di gruppo nell'elaborazione delle perdite provocate dalla sieropositività e dall'AIDS / |c di Francesco Campione ; hannno collaborato R. Canestrari ... \et al.!. |
| 260 | |a \S. l. : |b s. n., |c 1994?! |e (Ozzano Emilia : |f Tipoarte) | ||
| 300 | |a 181 p. ; |c 21 cm. | ||
| 700 | 1 | |a Canestrari, Renzo |0 IT\ICCU\CFIV\008991 | |
| 942 | |2 ddc |c BK |n 0 | ||
| 952 | |0 0 |1 0 |4 0 |6 A_616_979000000000000_CAM |7 0 |9 23278 |a BO |b BO |d 2026-01-15 |i 4598 |l 0 |o A 616.979 CAM |p BO4598 |r 2026-01-15 23:22:51 |w 2026-01-15 |x [Sebina 5] [1 v.] |y BK |z 1 v. | ||
| 999 | |c 19850 |d 19850 | ||